Prognóza HDP na obyvateľa SR na základe vektorovo autoregresného modelu

Tvorba makroekonomického modelu, ktorý je z metodologického hľadiska založený na princípoch vektorovo autoregresných (VAR) modelov a jeho využitie na generovanie prognózy HDP na obyvateľa na obdobie 2010, kvartál 3 až 2011, kvartál 2 použitím premenných domáci dopyt a produktivita práce.

Guardado en:
Detalles Bibliográficos
Autor principal: Ďurka, Peter
Formato: Capítulo de libro
Lenguaje:eslovaco
Materias:
Etiquetas: Agregar Etiqueta
Sin Etiquetas, Sea el primero en etiquetar este registro!

MARC

LEADER 00000nla$a2200000$$$4500
001 0125377
005 20240502083318.1
041 0 |a slo 
044 |a CZ 
245 1 0 |a Prognóza HDP na obyvateľa SR na základe vektorovo autoregresného modelu  |c Peter Ďurka 
520 |a Tvorba makroekonomického modelu, ktorý je z metodologického hľadiska založený na princípoch vektorovo autoregresných (VAR) modelov a jeho využitie na generovanie prognózy HDP na obyvateľa na obdobie 2010, kvartál 3 až 2011, kvartál 2 použitím premenných domáci dopyt a produktivita práce. 
610 2 0 |a produkt domáci hrubý 
610 2 0 |a prognózy 
610 2 0 |a modely makroekonomické 
610 2 0 |a dopyt domáci 
610 2 0 |a produktivita práce 
100 1 |a Ďurka, Peter